| 000 | 00872nam a2200217Ia 4500 | ||
|---|---|---|---|
| 999 |
_c48323 _d48323 |
||
| 003 | GCL | ||
| 005 | 20240530104524.0 | ||
| 008 | 140319s9999 xx 000 0 ara d | ||
| 040 |
_aGCL / _cGCL |
||
| 082 | 0 | 4 |
_a574.29 _bم ك |
| 100 | 0 | _aمها رؤوف السعد | |
| 245 | 1 | 0 |
_aكتاب علم المناعة : _cتاليف مها رؤوف السعد ، طارق صالح الزبيدى _bلطلبة الصفوف الرابعة فى كليات العلوم الاحياء المجهرية / |
| 300 | _a400 ص | ||
| 490 |
_aالهيئة العامة للاستعلامات _v0 |
||
| 650 | 0 | 4 | _aالمناعة، علم |
| 650 | 0 | 4 | _aالمناعة ضد الامراض |
| 650 | 0 | 4 | _aالمناعة الطبيعية |
| 650 | 0 | 4 | _aالسرطان - الجوانب المناعية |
| 700 | 1 |
_aطارق صالح الزبيدى _eمؤلف مشارك |
|
| 942 |
_2ddc _cBK |
||